000 01145cam a22003614a 4500
001 6240
003 FISKH
005 20250404084455.0
008 030312s2003 nyua b 000 0 eng
010 _a 2003005254
020 _a0439524733
020 _a9780439524735
040 _aDLC
_cDLC
_dDLC
_beng
050 _aGV1507.P47 M353
082 _a793.73
100 1 _aMarzollo, Jean.
245 1 0 _aI spy a school bus /
_criddles by Jean Marzollo ; photographs by Walter Wick.
250 _aThis edition first printing, July 2008.
260 _aNew York :
_bScholastic,
_c2003.
300 _a32 pages :
_bcolor illustrations ;
_c23 cm
440 0 _aScholastic reader.
_nLevel 1
500 _a"Cartwheel Books."
505 _aF
520 _aSimple text challenges the reader to find objects hidden in the photographs.
521 8 _a300
_bLexile estimate
521 8 _aF
_bRaz-Plus
650 0 _aPicture puzzles
_vJuvenile literature.
650 1 _aPicture puzzles.
700 1 _aWick, Walter,
_d1953-
_eillustrator
906 _a7
_bcbc
_corignew
_d1
_eecip
_f20
_gy-gencatlg
942 _2ddc
_cBK
_n0
999 _c6240
_d6240